Library Logo

Pioneer International University Library Catalogue

From Galileo to the nuclear age (Record no. 942)

MARC details
000 -LEADER
fixed length control field 00311nam a22000977a 4500
005 - DATE AND TIME OF LATEST TRANSACTION
control field 20250901165239.0
008 - FIXED-LENGTH DATA ELEMENTS--GENERAL INFORMATION
fixed length control field 210226b ||||| |||| 00| 0 eng d
050 ## - LIBRARY OF CONGRESS CALL NUMBER
Classification number QC23 .L46
245 ## - TITLE STATEMENT
Title From Galileo to the nuclear age
Remainder of title an introduction to physics
Statement of responsibility, etc. LEMON, HARVEY BRACE
942 ## - ADDED ENTRY ELEMENTS (KOHA)
Source of classification or shelving scheme Library of Congress Classification
Classification part QC23 .L46 1946
Holdings
Withdrawn status Lost status Source of classification or shelving scheme Damaged status Not for loan Home library Current library Shelving location Date acquired Total checkouts Full call number Barcode Date last seen Price effective from Koha item type
    Library of Congress Classification     Main Library Main Library   02/26/2021   QC23 .L46 1946 PIU0190215 02/26/2021 02/26/2021 Books
    Library of Congress Classification     Main Library Main Library   02/26/2021   QC23 .L46 1946 PIU0190453 02/26/2021 02/26/2021 Books